| 000 | 00945nam a2200289 a 4500 | ||
|---|---|---|---|
| 999 |
_c7079 _d7079 |
||
| 001 | 7079 | ||
| 003 | BD-JhCC | ||
| 005 | 20180418165058.0 | ||
| 008 | 180204s1964 enkadb 001 0 eng d | ||
| 035 | _a(BD-JhCC)7079 | ||
| 035 | _a(OCoLC)1804674 | ||
| 040 |
_aBD-JhCC _cFJ _dBD-JhCC _dDLC |
||
| 041 | _aeng | ||
| 050 | 0 | 0 |
_aD299 _b.K43 1964 |
| 082 |
_a909.8 _bKET 1964 |
||
| 100 | 1 | _aKetelbey, Caroline Doris Mabel | |
| 245 | 1 | 2 |
_aA history of modern times from 1789 / _cby C.D.M. Ketelbey |
| 250 | _a4th edition | ||
| 260 |
_aLondon _bG.G. Harrap _c[1964] |
||
| 300 |
_a730 p. _billus. tables, maps part fold col _c21 cm |
||
| 500 | _aLabel inside front cover: Clark McCutcheon, bookseller, port Washington, N.Y. | ||
| 504 | _aBibliographical references included in footnotes. Bibliograpy: p. 695-699 | ||
| 650 | 0 |
_aHistory, Modern _y19th century. |
|
| 650 | 0 |
_aHistory, Modern _y20th century. |
|
| 942 |
_2ddc _cBK |
||